Kshatriya Konkan marathas of Uttara Kannada residing in Goa (Record no. 6773)

MARC details
000 -LEADER
fixed length control field 00805 a2200205 4500
005 - DATE AND TIME OF LATEST TRANSACTION
control field 20080908152646.0
008 - FIXED-LENGTH DATA ELEMENTS--GENERAL INFORMATION
fixed length control field 080908t xxu||||| |||| 00| 0 eng d
010 ## - LIBRARY OF CONGRESS CONTROL NUMBER
LC control number ENG-87670
020 ## - INTERNATIONAL STANDARD BOOK NUMBER
Terms of availability 100.00
035 ## - SYSTEM CONTROL NUMBER
System control number EN-71203
037 ## - SOURCE OF ACQUISITION
Source of stock number/acquisition DBAD / PUB
082 ## - DEWEY DECIMAL CLASSIFICATION NUMBER
Classification number 305.8
100 ## - MAIN ENTRY--PERSONAL NAME
Personal name Kadamb, Sadanand Guno
245 ## - TITLE STATEMENT
Title Kshatriya Konkan marathas of Uttara Kannada residing in Goa
Remainder of title an all Goa survey
Statement of responsibility, etc by Sadanand Guno Kadamb
260 ## - PUBLICATION, DISTRIBUTION, ETC. (IMPRINT)
Place of publication, distribution, etc Panaji (Goa)
Name of publisher, distributor, etc Author
Date of publication, distribution, etc 2006
270 ## - ADDRESS
Address F-6, Madkaikar Nagar, Bhatlem, Panaji (Goa)
City Panaji (Goa)
300 ## - PHYSICAL DESCRIPTION
Extent 84 p.
Dimensions 21 cm ( pbk.)
942 ## - ADDED ENTRY ELEMENTS (KOHA)
Institution code [OBSOLETE] dpl
Koha item type English Books
Call number prefix 305.8/KAD
Source of classification or shelving scheme Dewey Decimal Classification
Classification part 305.8
Call number suffix KAD
Holdings
Withdrawn status Lost status Damaged status Not for loan Collection code Home library Current library Date acquired Cost, normal purchase price Total Checkouts Full call number Barcode Date last seen Copy number Uniform Resource Identifier Cost, replacement price Price effective from Koha item type
      Not For Loan Non-fiction D.B.Act.Division D.B.Act.Division 08/09/2008 100.00   305.8 KAD EN-71203 15/09/2008 1 7275 100.00 15/09/2008 English Books

© Delhi Public Library
Hit Counter
free hit counter